[Event "EU-ch 3rd"]
[Site "Batumi"]
[Date "2002.06.14"]
[Round "3"]
[White "Marin, Mihail"]
[Black "Milov, Vadim"]
[Result "1-0"]
[WhiteElo "2556"]
[BlackElo "2606"]
[Annotator "Ribli,Z"]
[PlyCount "157"]
[EventDate "2002.06.12"]
[EventType "swiss"]
[EventRounds "13"]
[EventCountry "GEO"]
[SourceTitle "CBM 090"]
[Source "ChessBase"]
[SourceDate "2002.09.20"]
[SourceVersion "1"]
[SourceVersionDate "2002.09.20"]
[SourceQuality "1"]

1. c4 e5 2. g3 d6 3. Bg2 g6 4. Nc3 Bg7 5. d3 f5 6. e4 Nc6 {Mit diesem
Springerzug geht Schwarz in die Variante 1.c4 e5 2.Nc3 Nc6 über, aber in
unserer konkreten Stellung wäre es besser, zuerst den Königsspringer auf f6 zu
entwickeln und statt Nc6 besser c7-c6 zu ziehen.} (6... Nf6 $5 7. Nge2 O-O 8.
O-O (8. h3 c6 9. Be3 Be6 10. exf5 gxf5 11. f4 $11) 8... c6 $13) 7. Nge2 Nf6 8.
O-O O-O 9. Nd5 Kh8 {Mit diesem Königszug bereitet Schwarz Platz für den
Springer auf g8.} (9... h6 10. Be3 Kh8 (10... Kh7 11. Nxf6+ Qxf6 12. Qd2 g5 13.
exf5 Bxf5 14. Nc3 Qg6 15. Rad1 Rab8 16. Nb5 Rf7 {1/2-1/2 Balduan,M-Savchenko,V/
Germany 2000/EXT 2001 (38)}) (10... g5 11. exf5 Bxf5 12. b4 a6 13. Qd2 Qd7 14.
b5 axb5 15. cxb5 Na5 16. b6 Nxd5 17. Bxd5+ Be6 18. Bxe6+ Qxe6 19. bxc7 {
1-0 Bruzon Bautista,L-Gonzalez,B/Santa Clara 2000/CBM 78 (30)}) 11. h3 a5 12.
Qd2 g5 13. exf5 Bxf5 14. g4 Bg6 15. Ng3 {1-0 Svensson,B-Bjerke,R/Oslo 1992/CBM
28 ext (67)}) (9... Be6 10. h3 (10. Bg5) 10... Qd7 11. Kh2 Rf7 12. Be3 Raf8 13.
Qd2 h5 14. b4 Nd8 15. exf5 $5 Bxf5 16. Nxf6+ Bxf6 17. d4 Kh7 18. Rad1 {1-0
Marin,L-Danilov,V/Miercurea Ciuc 2001/EXT 2002 (36)}) (9... Ne7 10. Bg5 $14)
10. Bg5 {[%cal Gg5d8] Die Fesselung des f6-Springers ist unangenehm für
Schwarz. Weiß hat starke Kontrolle über das d5-Feld.} (10. h3 Be6 11. Be3 Qd7
12. Kh2 Rae8 13. Qd2 Nh5 14. exf5 gxf5 15. f4 Nd8 16. Rae1 c6 17. Ndc3 a6 18.
b3 {1/2-1/2 Lund,D-Levitt,J/England 2000/CBM 75 ext (54)}) 10... Rf7 (10... h6
11. Bxf6 (11. Nxf6 hxg5 12. Nd5 g4 $11) 11... Bxf6 12. Qd2 (12. Nxf6 Qxf6 $11)
12... Bg7 13. f4 $14) (10... fxe4 11. dxe4 $14) 11. Qd2 $14 {Weiß hat
Raumvorteil und ein besseres Figurenspiel.} Qf8 12. Rac1 (12. Rae1 $14) 12...
Ng8 (12... Nd8 {[%cal Gd8e6]} 13. exf5 Bxf5 (13... gxf5 14. f4 $14) 14. f4 $14
(14. d4 $6 Ne4 $132) (14. Nxf6 Bxf6 15. Bxf6+ Rxf6 16. d4 $14)) 13. exf5 (13.
f4 h6 14. Bh4 $13) 13... Bxf5 (13... gxf5 14. f4 h6 15. Bh4 $14 {[%csl Gh4]})
14. b4 (14. Ne3 Be6 $11) 14... Nd4 $1 15. b5 (15. Nxd4 exd4 {[%csl Rd5,Rg5]
[%cal Gh7h6] Die schwarze Drohungen sind 16...h6 und 16...c6, und die früher
akktiven weißen Figuren (d5N und g5B) stehen schlecht.}) 15... Bh3 $2 {[%mdl
8192] Nach diesem optimistischen Zug bekommt Schwarz eine nachteilige Stellung.
} (15... c6 16. bxc6 bxc6 17. Nb4 $14) (15... h6 16. Be3 $14) 16. Nxd4 (16.
Bxh3 $4 Nf3+ $19 {[%cal Rf3d2,Rf3g1]}) 16... Bxg2 17. Ne6 Qc8 (17... Qe8 18.
Nxg7 $18) {[#]} 18. Nd8 $1 {[%csl Gd8] Jetzt haengt der f7R - mit Schach - und
der g2B auch. Ich glaube, als Schwarz den Zug 15...Bh3? spielte, hat er diesen
Springerzug nicht gesehen.} (18. Kxg2 Qxe6 $15 {[%cal Gc7c6]}) 18... Bxd5 19.
cxd5 {[%csl Ye6]} Rd7 20. Ne6 {[%csl Ge6] Weiß hat ein deutliches
positionelles Üebergewicht - der e6N steht ausgezeichnet.} a6 (20... Ne7 21.
Bxe7 Rxe7 22. Rc4 $16 {[%cal Rf1c1,Rc1c7]}) 21. b6 $5 (21. a4 $14) 21... c5 (
21... c6 22. d4 $16 (22. Nc7 Rxc7 23. bxc7 Qxc7 $16)) 22. dxc6 bxc6 23. d4 h6 (
23... exd4 24. Nxg7 Rxg7 (24... Kxg7 25. Qxd4+ Kf8 26. Rc3 $18 {[%csl Rf8]})
25. Qxd4 $16 {[%csl Gd4][%cal Gd4h8]}) 24. Be3 e4 25. Qc2 $16 {[%cal Rc2e4,
Rc1c6] Mit dieser Doppeldrohung gewinnt Weiß einen Bauern - mit besserer
Stellung.} (25. f3 exf3 26. Nxg7 Kxg7 27. Rxf3 $16) 25... Ne7 26. Qxe4 {
[%csl Rh8] In der schwarzen Stellung gibt es viele Schwächen.} Rb8 27. Rb1 (27.
d5 $5 c5 (27... Nxd5 28. Qxg6 $18) 28. Rb1 Qb7 29. Rfd1 $18) 27... Qg8 (27...
Rdb7 {Nach diesem Turmzug droht 28...Rxb6 nicht, da Weiß nach dem Turmtausch
Nxg7 ziehen kann und es hängt der e7N.} 28. Bf4 $18 (28. Bd2 $16)) 28. Bd2 (28.
a4 $5 {[%cal Ga4a5]} a5 29. Bd2 $16) 28... Qf7 29. Rfe1 Rdb7 30. a4 {[%cal
Ga4a5]} a5 (30... Rxb6 31. Rxb6 Rxb6 32. Nxg7 $18) 31. Bxa5 {Weiß hat schon
zwei Bauern mehr - Schwarz hat keine Kompensation.} Nd5 32. Nc7 Nxb6 33. Bxb6 (
33. Na6 $6 Rf8 $132 (33... Ra8 34. Rxb6 Rxb6 35. Bxb6 Rxa6 36. Qxc6 $18 (36.
Qe8+ Qxe8 37. Rxe8+ Kh7 38. a5 $18)) 34. Bxb6 (34. Rxb6 Qxf2+ 35. Kh1 Re7 36.
Rb2 Qxe1+ 37. Qxe1 Rxe1+ 38. Bxe1 Rf1+ 39. Kg2 Rxe1 $11) 34... Qxf2+ 35. Kh1
Re7 36. Qxe7 (36. d5 {[%cal Rb6f2]} c5 37. Qxe7 Qf3+ 38. Kg1 Bd4+ $19) 36...
Qf3+ 37. Kg1 Qf2+ $11) 33... Rxb6 34. Rxb6 Rxb6 35. a5 (35. Qe8+ Qxe8 36. Rxe8+
Kh7 37. Ne6 $16) 35... Rb8 36. Ne6 (36. Qxc6 Bxd4 37. Re2 $16) 36... Rb2 37.
Re2 d5 38. Qd3 (38. Qe3 $16) 38... Rb4 39. a6 Ra4 40. Nd8 (40. Nxg7 Kxg7 41.
Rb2 {[%cal Rb2b7,Rb7g7]} Qf5 42. Rb7+ Kf6 $16) 40... Qf5 (40... Qf6 41. Re6 $1
Qxd8 42. Qxg6 $18) 41. Qxf5 gxf5 42. Re8+ {[%mdl 4096]} Kh7 43. Re7 {[%cal
Rd8e6,Re7g7]} Kg6 44. Re6+ Kh7 45. Re7 (45. Rxc6 $18) 45... Kg6 46. Re6+ Kh7
47. Rxc6 Bxd4 48. Ne6 Be5 49. f4 {Das Material ist reduziert und Weiß hat nur
noch einen Bauern mehr, aber seine Figuren stehen sehr aktiv.} Ba1 (49... Bf6
50. Nc7 $18) 50. Rd6 Ra2 51. h4 (51. Kf1 $18) 51... Kg8 52. Nc7 d4 53. Nb5 (53.
Rxh6 Bc3 54. Rd6 $18) 53... Kf7 54. Rxh6 (54. Nxd4 $2 Bxd4+ 55. Rxd4 Rxa6 $11)
54... Ke7 55. Kf1 (55. Nd6 $5 $18) 55... d3 56. Rd6 Bf6 57. Rxd3 Rxa6 58. Nc7
Ra2 59. Nd5+ Ke6 60. Nc7+ (60. Nxf6 Kxf6 $16) 60... Ke7 61. Re3+ Kf7 62. Nd5
Bd4 63. Re2 Ra5 64. Nb4 Rb5 65. Nc2 Bb6 66. Kg2 $18 Kg6 67. Ne1 Rb3 68. Nf3 Bd8
69. Re6+ Bf6 (69... Kf7 70. Re5 Rb2+ (70... Kf6 $2 71. Rxf5+ Kxf5 72. Nd4+ {
[%cal Rd4b3,Rd4f5]}) 71. Kh3) 70. Rc6 Kg7 71. h5 {Der h-Bauer entscheidet die
Partie.} Rb5 72. Rc7+ Kh6 73. Rc6 Kg7 74. h6+ Kf7 75. Kh3 Rb1 76. Nh4 Rb5 77.
Rc7+ Ke6 78. h7 Rb1 79. Rc6+ 1-0

[Event "Hoogovens-B"]
[Site "Wijk aan Zee"]
[Date "1994.01.??"]
[Round "6"]
[White "Winants, Luc"]
[Black "Nijboer, Friso"]
[Result "1-0"]
[WhiteElo "2495"]
[BlackElo "2530"]
[Annotator "Ribli,Z"]
[PlyCount "80"]
[EventDate "1994.01.21"]
[EventType "tourn"]
[EventRounds "9"]
[EventCountry "NED"]
[EventCategory "9"]
[SourceTitle "CBM 040"]
[Source "ChessBase"]
[SourceDate "1994.06.01"]
[SourceVersion "1"]
[SourceVersionDate "1994.06.01"]
[SourceQuality "1"]

1. c4 g6 2. Nc3 Bg7 3. g3 Nf6 4. Bg2 O-O 5. d3 e5 6. e4 d6 7. Nge2 Nc6 8. O-O
Nh5 $6 9. Be3 (9. Nd5 $5 f5 10. exf5 Bxf5 (10... gxf5 11. f4 $1) 11. Be3 Qd7
12. Qd2 Rf7 13. Nec3 Bh3 14. Ne4 $14 {Popov-Dely,P/Amsterdam/1974/INF18,56/})
9... Nd4 10. Qd2 c6 11. f4 Nxe2+ 12. Nxe2 $5 (12. Qxe2 $6 exf4 13. gxf4 f5 14.
c5 fxe4 15. dxe4 Qh4 $36 {Karlsson,L-Cseshkovsky,V/Erevan/1980/INF29,69/})
12... exf4 13. gxf4 f5 14. Rac1 Nf6 (14... Kh8 $5) 15. h3 Be6 16. e5 dxe5 17.
fxe5 Nh5 18. d4 Bf7 19. Bf3 $1 c5 (19... Qh4 20. Kg2 $14) 20. Bxh5 gxh5 21. Bh6
Bxh6 (21... cxd4 22. Bxg7 Kxg7 23. Nxd4 $16) 22. Qxh6 cxd4 23. Kh2 $1 $36 Bg6
24. Nf4 Qe8 25. e6 Kh8 26. Rcd1 Rg8 (26... Rd8 $4 27. e7 Qxe7 28. Nxg6+ $18)
27. Rxd4 Qf8 28. Qxf8 Raxf8 29. Rd7 Rg7 30. Rfd1 h4 31. Rd8 Kg8 32. R1d7 Re7
33. Rxe7 Rxd8 34. Nd5 Re8 35. Rxe8+ Bxe8 36. Kg2 Kf8 37. Kf3 Bh5+ 38. Ke3 Bd1
39. b4 Kg7 40. c5 Kg6 (40... Kg6 41. b5 Ba4 42. c6 bxc6 43. bxc6 Bxc6 44. Ne7+
Kf6 45. Nxc6 $18) 1-0

[Event "LAT-ch"]
[Site "Latvia"]
[Date "1994.??.??"]
[Round "9"]
[White "Miezis, Normunds"]
[Black "Petkevich, Jusefs"]
[Result "0-1"]
[WhiteElo "2430"]
[BlackElo "2445"]
[Annotator "Ribli,Z"]
[PlyCount "98"]
[EventDate "1994.??.??"]
[EventType "tourn"]
[EventRounds "11"]
[EventCountry "LAT"]
[EventCategory "7"]
[SourceTitle "CBM 041"]
[Source "ChessBase"]
[SourceDate "1994.08.01"]
[SourceVersion "1"]
[SourceVersionDate "1994.08.01"]
[SourceQuality "1"]

1. c4 g6 2. Nc3 Bg7 3. e4 e5 4. g3 d6 5. Bg2 Be6 6. d3 Nc6 7. Nge2 Qd7 8. h3 (
8. Nd5 Nce7 (8... Nd8 $5 9. d4 c6 10. Ne3 Bh3 11. Bxh3 Qxh3 12. d5 h5 $5 {
Serper,G-Xu Jun/Luzern WchT/1993/CBM38/}) 9. d4 c6 10. Ne3 $14 {Kasparov,
G-Short,N/Linares/1990/CBM17/}) 8... f5 9. Nd5 Nd8 10. exf5 gxf5 11. d4 c6 12.
Ne3 Nf6 13. f4 O-O 14. O-O (14. dxe5 dxe5 15. fxe5 Qxd1+ 16. Kxd1 Ne4 $13)
14... e4 15. d5 Bf7 16. Nd4 Bg6 (16... cxd5 17. Ndxf5 dxc4 18. Nxg7 Kxg7 19.
Bd2 $44) 17. g4 $6 (17. b3 $2 Nh5 18. Kh2 c5 $17) (17. Rb1 $5) 17... fxg4 18.
hxg4 (18. f5 gxh3 $1 $17) 18... Nxg4 19. Nxg4 (19. f5 Nxe3 20. Bxe3 Bxf5 21.
Nxf5 Rxf5 22. Rxf5 Qxf5 23. dxc6 Nxc6 24. Qxd6 Rd8 $17) 19... Bxd4+ 20. Qxd4
Qxg4 21. b3 (21. dxc6 Nxc6 22. Qxd6 Rad8 $17) (21. b4 $1 $44) 21... c5 $1 22.
Qc3 Bf5 23. Bb2 Qg6 24. Rae1 Nf7 25. Re3 Nh6 26. Rfe1 Rae8 27. Rg3 Ng4 28. Bh3
h5 29. Bxg4 hxg4 30. Re2 Re7 31. Rh2 Kf7 32. b4 b6 33. Kf2 cxb4 34. Qxb4 e3+
35. Ke1 (35. Rxe3 Rxe3 36. Kxe3 g3 $19) 35... Rc8 36. Re2 Bd3 37. Rexe3 Rxc4
38. Rxe7+ Kxe7 39. Re3+ Re4 40. Kd2 Kf7 41. Rxe4 Qxe4 42. Qxd6 (42. Qxe4 Bxe4
43. Ke3 g3 44. Bd4 Bxd5 $19) 42... Qe2+ 43. Kc3 Bf5 44. Qc7+ Kg6 45. Qc6+ Kh5
46. Kb3 g3 47. Qf6 Qb5+ (47... Qb5+ 48. Kc3 Qd3+ 49. Kb4 a5+ 50. Ka4 Bd7+ $19)
48. Ka3 Qc5+ 49. Kb3 Bc2# 0-1

[Event "Yangon zt"]
[Site "Yangon"]
[Date "1998.12.14"]
[Round "7"]
[White "Adianto, Utut"]
[Black "Sharavdorj, Dashzeveg"]
[Result "1-0"]
[WhiteElo "2610"]
[BlackElo "2385"]
[Annotator "Ribli,Z"]
[PlyCount "65"]
[EventDate "1998.12.??"]
[EventType "swiss"]
[EventRounds "9"]
[EventCountry "BUR"]
[SourceTitle "CBM 069"]
[Source "ChessBase"]
[SourceDate "1999.04.01"]
[SourceVersion "1"]
[SourceVersionDate "1999.04.01"]
[SourceQuality "1"]

1. Nf3 Nf6 2. g3 g6 3. Bg2 Bg7 4. O-O O-O 5. c4 d6 6. Nc3 e5 7. d3 (7. d4 {
Dieser Zug führt zu Königsindischen Hauptvarianten nach 7...Nbd7 oder 7...Nc6 
(Uhlmann-Variante). Ribli.}) 7... Nc6 8. Rb1 a5 {Es ist notwendig für Schwarz
so zu spielen, sonst bekommt Weiß mit 9.b4 freie Hand am Damenflügel.} 9. a3
Re8 (9... h6) (9... Nd4) 10. Bg5 {Weiß möchte den Läufer auf f6 tauschen und
mit folgendem Nd5 nebst b2-b4-b5 die Initiative am Damenflügel erringen.} (10.
Nd2 Bg4 11. b4 axb4 12. axb4 Qd7 13. b5 Nd8 14. Re1 Bh3 15. Bh1 c6 $10 {
Ortega-Boudy Cuba ch 1985}) 10... h6 11. Bxf6 Bxf6 12. b4 axb4 13. axb4 Bg7 (
13... Nd4 $6 14. Nd2 $14 {Gelfand,B-Anand,V/Linares/1991/CBM22/INF51,32/ Der
schwarze Springer steht unglücklich auf d4 und im folgenden kann Weiß ihn mit
e3 vertreiben.}) 14. b5 (14. Nd2 Nd4 (14... Ne7 $5) 15. b5 Ra3 16. Nb3 h5 17.
Nd5 c6 18. bxc6 bxc6 19. Nxd4 exd4 20. Nb4 c5 21. Nd5 Bg4 22. Bf3 Bh3 23. Re1
Qa5 24. Ra1 Rb8 25. Rxa3 Qxa3 26. Qa1 {1-0 Gavrjushin,O-Krapivin,V/Perm 1997/
CBM 58 (72)}) 14... Nd4 {Meines Erachtens wäre der andere Springerzug besser
für Schwarz, denn jetzt muß er mit Doppelbauern spielen.} (14... Ne7 15. Qc2 (
15. Qb3 Be6 16. Nd2 c6 17. Rfc1 d5 $10 {Georgiev,Ki-Akopian,V/Tilburg/1993/
CBM39/}) (15. Ne1 {Ribli} c6 16. Nc2 Be6 17. Nb4 Qd7 18. Qb3 Red8 $10 {
Anastasian,A-Akopian,V Erevan 1988 CBM 8}) (15. Nd2 $6 e4 $1 16. Qc2 e3 $1 17.
fxe3 Nf5 18. Nd1 h5 $1 {0-1 Vaganian,R-Lautier,J/Manila 1990/CBM 19/ (57)})
15... c6 16. Nd2 Be6 (16... d5 17. bxc6 bxc6 18. Rfc1 Be6 19. Na4 Qd6 20. Nb6
Ra7 (20... Rab8 $5) 21. e4 Rd8 $2 (21... dxe4 22. Nxe4 Qc7 23. Nc5 Nf5 $10) 22.
cxd5 cxd5 23. exd5 Nxd5 24. Bxd5 $1 Bxd5 25. Nc8 {1-0 Vaganian,R-Gallagher,J/
Biel 1994/CBM 43/[Ribli] (66)}) 17. bxc6 bxc6 18. Rb7 (18. Rfc1) 18... d5 19.
Rfb1 e4 20. cxd5 cxd5 21. Nb5 Rc8 22. Qa4 (22. Rc7 exd3 23. exd3 Qd7 24. Nf3
Rxc7 25. Qxc7 Rc8 26. Qxd7 Bxd7 27. Nbd4 Nf5 28. Nxf5 Bxf5 29. Rd1 Rc3 {
0-1 Andersson,U-Shirov,A/Monte Carlo 1997/CBM 57 ext (46)}) 22... exd3 23. exd3
Nc6 24. Nf3 Bf5 25. Bf1 Re7 26. Rxe7 Qxe7 27. Rc1 {1/2-1/2 Andersson,U-Akopian,
V/Ubeda 1997/CBM 58 (33)}) 15. Nxd4 (15. e3 Nxf3+ 16. Bxf3 Ra3 17. Rb3 Rxb3 18.
Qxb3 Bh3 19. Rd1 Qc8 20. Rd2 Kh7 21. Ra2 Qf5 22. Qd1 Rb8 23. Ra7 Qc8 24. Nd5
Qd8 25. Nb4 {1-0 Holmqvist,G-Ljungberg,R/SVE-chT 9596 1996/EXT 98 (41)}) 15...
exd4 16. Nd5 $14 {[%csl Gd5,Rg7][%cal Gg2b7] Weiß entfaltet spürbaren
positionellen Druck auf der langen Diagonalen, während der g7-Läufer nicht
besonders gut steht.} Ra2 {[%csl Re2][%cal Re8e2,Ra2e2]} (16... Ra3 17. Bf3 Bd7
18. Qc1 Ra2 19. Nb4 Ra5 20. Qd2 Qc8 21. Rfe1 Kh7 22. h4 Ra4 23. Qf4 f5 24. Bg2
Qa8 25. Qf3 Qa5 26. Nd5 Ra2 27. Kf1 Bc8 28. Nf4 Re5 29. Rbd1 Qa3 30. Nd5 Qc5
31. Ra1 Rxa1 32. Rxa1 c6 33. bxc6 bxc6 34. Nf4 Bd7 35. h5 $36 {1/2-1/2 Gratka,
K-Renet,O/Koszalin 1997/CBM 59 ext (49)}) 17. Re1 (17. Bf3) 17... Bg4 (17...
Bd7 $5 18. Nb4 Ra7 19. b6 cxb6 20. Nd5 Ra6 21. Nb4 Ra7 $11) (17... c6 $2 18.
bxc6 bxc6 19. Nb4 $16 {[%csl Rc6][%cal Rb4c6,Rg2c6]}) 18. Bf3 h5 (18... Bxf3
19. exf3 Rxe1+ 20. Qxe1 $14 {[%csl Gd5] Der weiße Springer steht viel aktiver
als der schwarze Läufer.}) 19. Nb4 {[%cal Rb4a2,Rf3b7]} Ra7 20. Bxg4 hxg4 21.
b6 $1 {Unter zeitweiligem Bauernopfer erringt Weiß die Initiative am
Damenflügel.} cxb6 (21... Ra3 22. bxc7 Qxc7 23. Nd5 $16) 22. Nd5 {[%csl Rb6]}
Ra5 (22... Ra6 23. Qb3 {[%csl Rb6]}) 23. Nxb6 {[%csl Rb7,Rg4]} (23. Rxb6 $4
Rxd5 $19) 23... Rh5 {Die einzige Rettungschance für Schwarz liegt im Angriff
am Königsflügel.} 24. Nd5 {[%cal Rb1b7]} Be5 25. e3 $1 {[%csl Rg4]} Rg5 (25...
dxe3 26. Nxe3 $16 {[%csl Rb7,Rg4][%cal Re3g4,Rd1g4]}) 26. Rxb7 $16 {[%csl Gb7,
Gd5] Weiß hat einen Bauern mehr und der kleine schwarze Druck stellt keine
vollwertige Kompensation dar.} (26. exd4 Bxd4 27. Rxe8+ Qxe8 28. Rxb7 $16)
26... Kg7 $5 {[%cal Ge8h8,Gh8h2]} 27. e4 (27. exd4 Bxd4 28. Rxe8 Qxe8 29. Re7
$16) 27... Rh8 28. f4 Rxh2 $5 {[#]Ein geistreiches Opfer. Bei gutem Spiel, wie
in der Partie, kann Weiß den Angriff abwehren, aber Schwarz versucht seine
Chancen zu bekommen.} (28... gxf3 29. Qxf3 {[%csl Rf7,Rg7][%cal Rb7g7,Rf3f7]}
Rf8 30. Rf1 Qe8 31. Re7 $18) 29. Re2 $1 {In diesem Fall ist die Ablehnung des
Opfers die beste Möglichkeit für Weiß.} (29. Kxh2 Qh8+ 30. Kg1 Rh5 $132 {
[%csl Rg1]} (30... Qh3 31. Rb2 Rh5 32. Rg2 $18)) 29... Rh3 (29... Rxe2 30. Qxe2
$18) 30. Rg2 Rgh5 {[%csl Rg1][%cal Rh3h1,Rh1g1]} 31. Kf2 {Der weiße König ist
in Sicherheit.} Rh1 32. Qxg4 $18 Qa8 (32... Bf6 33. Qe6 $18 {[%csl Rf7,Rg7]})
33. Qd7 {[%mdl 288] Und Schwarz gab auf, denn er hat nicht mehr als ein paar
Schachs.} (33. Qd7 {[%csl Rf7][%cal Rb7g7,Rf4e5]} Qa2+ 34. Kf3 Rf1+ 35. Kg4
Qxg2 36. Qxf7+ Kh8 (36... Kh6 37. Qh7#) 37. Qf8#) 1-0

[Event "Tilburg"]
[Site "Tilburg"]
[Date "1993.??.??"]
[Round "3"]
[White "Georgiev, Kiril"]
[Black "Akopian, Vladimir Eduardovic"]
[Result "1/2-1/2"]
[WhiteElo "2660"]
[BlackElo "2600"]
[Annotator "Ribli,Z"]
[PlyCount "82"]
[EventDate "1993.11.??"]
[EventType "k.o."]
[EventRounds "7"]
[EventCountry "NED"]
[SourceTitle "CBM 039"]
[Source "ChessBase"]
[SourceDate "1994.04.01"]
[SourceVersion "1"]
[SourceVersionDate "1994.04.01"]
[SourceQuality "1"]

1. Nf3 Nf6 2. c4 g6 3. Nc3 Bg7 4. g3 O-O 5. Bg2 d6 6. O-O e5 7. d3 Nc6 8. Rb1
a5 9. a3 Re8 10. Bg5 h6 11. Bxf6 Bxf6 12. b4 axb4 13. axb4 Bg7 14. b5 Ne7 15.
Qb3 (15. Nd2 $2 e4 $1 16. Qc2 e3 17. fxe3 Nf5 $44 {Vaganian,R-Lautier,J/Manila
izt/1990/CBM19/INF49,39/}) (15. Ne1 c6 16. Nc2 Be6 17. Nb4 Qd7 $10 {Anastasian,
A-Akopian,V/Erevan/1988/CBM08/}) 15... Be6 16. Nd2 c6 $5 $10 (16... Rb8 $6 $14
{Miles,A-Littlewood,P/England/1984/INF38,33/}) 17. Rfc1 d5 18. bxc6 bxc6 19.
Qd1 (19. cxd5 cxd5 20. Nb5 Qa5 $10 {Bischoff,K-Smejkal,J/Munich/1988/CBM06/})
19... Ra7 (19... Qd7 20. Na4 $1 $14) 20. Na4 f5 21. cxd5 cxd5 22. Nc5 Bf7 23.
Rb7 (23. Nb7 Qd7 24. Nc5 Qd6 25. Nb7 $10) 23... Rxb7 24. Nxb7 Qd7 25. Nc5 Qd6
26. e3 d4 27. Nb7 Qd7 28. Nc5 Qd6 29. Nb7 Qd7 30. Nc5 Qa7 31. exd4 exd4 32. Nb7
Nd5 33. Nd6 Nc3 34. Qf1 (34. Rxc3 $2 dxc3 35. Nxe8 Bxe8 $17) 34... Ne2+ 35. Kh1
Nxc1 36. Nxe8 Qa3 37. Nxg7 Qc3 38. Nf3 Nxd3 (38... Kxg7 39. Nxd4 $1 $10) 39.
Nxf5 gxf5 40. Kg1 Bc4 41. Qb1 Nb4 1/2-1/2